000 00695nac a22001811u 4500
020 _a8126117591
082 _a660
_bAr676
090 _c2909
_d2909
100 _aArora .M.G.
245 _aIndustrial chemistry /
_cM.G.Rora ,M.Singh.
260 _aNew Delhi:[2004].
_bAnmol Publications,
_cc[2004].
300 _a691p.:
_bill;
_c22cm.
650 _aChemistry, Technical.
700 _aSingh ,M.
942 _cBB
_k660Ar676
999 _c2909
_d2909